000 00552nam a22001697a 4500
999 _c12045
_d12045
008 190115b ||||| |||| 00| 0 eng d
020 _a971-542-291-8
082 _22001
_aDFil 899.211
_bP53
245 _aThe Bontoc legend of Lumawig (Bontoc) /
_cDamiana L. Eugenio (Compiler and Editor)
260 _aQuezon City:
_bUP Press,
_c2001
300 _aPages 10-14;
_c23 cm.
500 _aPhilippine Folk Literature
650 _aMythology
_934154
650 _aLegends
_934155
650 _aPhilippine folk literature (English)
_934156
942 _2ddc
_cDFIL